000 00706nam a22002057a 4500
999 _c17463
_d17463
003 OSt
005 20221021140439.0
008 221021b ||||| |||| 00| 0 eng d
040 _c0
082 _2DPer 910.46 T156 2019 v76PA-76PB
100 _4Blal, Ines.
_eauthor.
_946469
245 _aThe asset light model :
_ba blind spot in hospitality research /
_cInes Blal, Giuliano Bianchi.
260 _aAmsterdam :
_bElsevier ,
_c©January 2019.
300 _a v 76PA : pages 39-42 ;
_billustrations.
650 _2Hospitality industry.
_946469
650 _2Hospitality industry
_xresearch.
_946470
650 _2Operation research.
_946469
700 _4Bianchi, Giuliano.
_eauthor.
_946469
942 _2ddc
_cPER